| 000 | 01023nam a2200265 4500 | ||
|---|---|---|---|
| 003 | OSt | ||
| 005 | 20150526173949.0 | ||
| 008 | 060526s2005 -hk b 001 0 eng d | ||
| 020 | _a9627997706 :HK200/150/Php996.50 | ||
| 090 |
_aBS2795.2 _bL62t |
||
| 100 | 1 | _aLim, Jason Jit-Fong. | |
| 245 | 1 | 4 |
_aThe trials of the Christians as elect resident aliens and visiting strangers in 1 Peter : _bwith an emphasis on the context of 1 Peter within the Graeco-Roman milieu / _cJason Jit-Fong Lim. |
| 260 |
_aHong Kong : _bAlliance Bible Seminary, _c2005. |
||
| 300 |
_axxix, 432 p. ; _c24 cm. |
||
| 336 | _2rdacontent | ||
| 337 | _2rdamedia | ||
| 338 | _2rdacarrier | ||
| 490 |
_aBible and literature ; _v8. |
||
| 490 |
_aJian dao dissertation series ; _v11. |
||
| 502 | _aAuthor's thesis (Ph.D.)-- University of Sheffield, 1998. | ||
| 504 | _aIncludes bibliographcial references (p. [375]-412) and indexes. | ||
| 630 | 0 | 4 |
_aBible. _pN.T. _pPeter, 1st _xCriticism, interpretation, etc. |
| 951 | _x00032938 | ||
| 942 |
_2lcc _cBK |
||
| 999 |
_c26766 _d26766 |
||